Gaming Quiz

Random Gaming or Pokémon Quiz

Name all the pokemon starters Quiz Stats

 Plays Quiz not verified by Sporcle

Challenge
Share
Tweet
Embed
Score 0/15 Timer 07:00
0 Plays Today
Hint Answer % Correct
FireCharmander
85.2%
WaterSquirtle
85.2%
FireCyndaquil
77.8%
WaterMudkip
74.1%
GrassChikorita
74.1%
FireTepig
74.1%
GrassSnivy
74.1%
FireTorchic
70.4%
Hint Answer % Correct
FireChimchar
66.7%
WaterPiplup
63%
GrassTurtwig
63%
GrassTreeko
44.4%
WaterOshawatt
29.6%
GrassBulbasuar
18.5%
WaterTotadile
18.5%

You're not logged in!

Compare scores with friends on all Sporcle quizzes.
Join for Free
OR
Log In

You Might Also Like...

Show Comments

Extras

Top Quizzes Today


Score Distribution

Your Account Isn't Verified!

In order to create a playlist on Sporcle, you need to verify the email address you used during registration. Go to your Sporcle Settings to finish the process.

Report this User

Report this user for behavior that violates our Community Guidelines.

Details: